000 00363nam a2200145Ia 4500
008 230312s9999||||xx |||||||||||||| ||und||
020 _a1-85669-456-9
082 _a725.23
_bMYE-S
100 _amyerson;jeremy
245 0 _aSpace to work new office design
260 _bJeremy
_ausa
_c2006
300 _a191
650 _aArchitecture
_vArchitecture
942 _cBK
999 _c12699
_d12699